LEADER 01219nam a2200253 u 4500 001 000000045936 003 CaOOAMICUS 005 20070226114722.0 008 990618s1987 it u000 u ita u 035 $a10827382 040 $aPUL(R)$bita$dPUL(R) 245 00$aTutela dell'ambiente :$bprocedure di impatto ambientale e legge Galasso. Atti del Convegno di Perugia 30-31 maggio 1986. 260 $aPerugia :$bPliniana,$c1987. 300 $a202 p. ;$c24 cm 500 $aCentro Studi giuridici e Politici della Regione Umbria. 650 4$aAmbiente naturale$xConservazione.$0(OLS)http://pul/subject/5678 850 $aPUL 852 $aPUL$W1$xDP1 Cons. Gen., Altre Classi 1$y22$m46 R 10$j61645$nBK-PRI$b $qStampati$B61645$CPULBib$Z2$F61645 $H $81 852 $aPUL$W1$xDP1 Fondo G. Barberini$y122$m4 F 83$j177915$qFondi$B181107$CPULBib$Z2$F181107 $HBar361 $81 941 1 $a1 941 1 $a8 961 $aINV: 58993 996 $6245$aTutela dell'ambiente :$bprocedure di impatto ambientale e legge Galasso. Atti del Convegno di Perugia 30-31 maggio 1986$9(OLS)http://pul/title/61940 996 $6260$aPerugia :$bPliniana$9(OLS)http://pul/publisher/66290 LEADER 01225nam a2200277 u 4500 001 000000088936 003 CaOOAMICUS 005 20070226124550.0 008 051107s1959 it u000 u ita u 035 $a11067317 040 $aPUL(R)$bita 041 1 $aita$hfre 100 1 $aMonsterleet, Jean,$cS.I.$0(OLS)http://pul/name/57740 240 10$aEglise du Japon.$lItaliano.$0(OLS)http://pul/title/114882 245 10$aStoria della chiesa in Giappone dai tempi feudali ai nostri giorni :$bstoria e problemi missionari /$cdi Jean Monsterleet. 260 $aRoma :$bEdizini Paoline,$c1959. 300 $a252 p. ;$c19 cm 490 1 $aTempi e figure ;$v24 504 $aBibliografia in nota. 651 4$aGiappone$xReligione.$0(OLS)http://pul/subject/25169 830 0$aTempi e figure ;$v24.$0(OLS)http://pul/title/11436 850 $aPUL 852 $aPUL$W1$xDP1 Fondo Pastorale$y55$mP7 F 11$j112532$nBK-PRI$b $qFondi$B112532$CPULBib$Z2$F112532 $HPUL1580 $81 941 1 $a1 996 $6245$aStoria della chiesa in Giappone dai tempi feudali ai nostri giorni :$bstoria e problemi missionari$9(OLS)http://pul/title/114883 996 $6260$aRoma :$bEdizini Paoline$9(OLS)http://pul/publisher/77980